|
|
|
|
| LEADER |
01867nam a2200505 i 4500 |
| 001 |
nkc20233552030 |
| 003 |
CZ PrNK |
| 005 |
20231213093339.0 |
| 007 |
ta |
| 008 |
231009s2023 xr a e f 000 0 hun |
| 015 |
|
|
|a cnb003552030
|
| 020 |
|
|
|a 978-80-7370-636-4
|q (Synergie Publishing SE ;
|q brožováno)
|
| 035 |
|
|
|a (OCoLC)1412781505
|
| 040 |
|
|
|a OLA001
|b cze
|d ABA001
|e rda
|
| 041 |
1 |
|
|a hun
|h eng
|
| 044 |
|
|
|a xr
|a hu
|
| 072 |
|
7 |
|a 133
|x Ezoterismus. Okultismus
|2 Konspekt
|9 17
|
| 080 |
|
|
|a 133.3:794.43
|2 MRF
|
| 080 |
|
|
|a (035)
|2 MRF
|
| 080 |
|
|
|a (0.026.6)794.43
|2 MRF
|
| 100 |
1 |
|
|a Bursten, Lee
|7 mzk2009512612
|4 aut
|
| 245 |
1 |
3 |
|a Az álmok tarot-ja /
|c írta: Lee Bursten ; illusztrálta: Ciro Marchetti ; fordította: Janiga Éva
|
| 264 |
|
1 |
|a [Praha] :
|b Synergie Publishing SE ;
|a [Budapest] :
|b Totel Books,
|c 2023
|
| 300 |
|
|
|a 254 stran :
|b ilustrace ;
|c 14 cm +
|e 83 barevných vykládacích karet (15 x 10 cm)
|
| 336 |
|
|
|a text
|b txt
|2 rdacontent
|
| 336 |
|
|
|a statický obraz
|b sti
|2 rdacontent
|
| 337 |
|
|
|a bez média
|b n
|2 rdamedia
|
| 338 |
|
|
|a svazek
|b nc
|2 rdacarrier
|
| 338 |
|
|
|a karta
|b no
|2 rdacarrier
|
| 500 |
|
|
|a Přeloženo z angličtiny?
|
| 500 |
|
|
|a Brožura a karty uloženy v kartonové krabici 15 x 11 x 5 cm
|
| 650 |
0 |
7 |
|a tarot
|7 ph116402
|2 czenas
|
| 650 |
0 |
7 |
|a vykládání karet
|7 ph138942
|2 czenas
|
| 650 |
0 |
9 |
|a tarot
|2 eczenas
|
| 650 |
0 |
9 |
|a fortune telling by cards
|2 eczenas
|
| 655 |
|
7 |
|a příručky
|7 fd133209
|2 czenas
|
| 655 |
|
7 |
|a vykládací karty
|7 fd133822
|2 czenas
|
| 655 |
|
9 |
|a handbooks and manuals
|2 eczenas
|
| 655 |
|
9 |
|a fortune telling cards
|2 eczenas
|
| 700 |
1 |
|
|a Marchetti, Ciro
|7 mzk2007394882
|4 ill
|
| 700 |
1 |
|
|a Janiga, Éva
|4 trl
|
| 910 |
2 |
|
|a BOA001
|b Z-1517.452
|
| 990 |
|
|
|a BK
|
| 995 |
|
|
|a 01
|
| 996 |
6 |
|
|b 2610954881
|c Z-1517.452
|l MZK
|r Sklad / do 24 hodin
|n 0
|p p.v.
|w 001947450
|u 000010
|a 1
|e BOA001
|j MZK50
|s P
|